Name the lyrics to Lullaby for a Princess in order - Statistics

General Stats
  • This quiz has been taken 41 times
  • The average score is 290 of 378
Answer Stats
lyric % Correct
A
100%
And
100%
And
100%
And
100%
Away
100%
Been
100%
Blame
100%
Bring
100%
But
100%
Can
100%
Carried
100%
Company
100%
Cruel
100%
Eyes
100%
Fate
100%
Has
100%
Have
100%
How
100%
I
100%
I
100%
I’ll
100%
Into
100%
Is
100%
Keep
100%
Lullabies
100%
My
100%
My
100%
No
100%
Order
100%
Own
100%
Punishment
100%
Sent
100%
Sleep
100%
Softly
100%
Song
100%
Stillness
100%
The
100%
The
100%
The
100%
The
100%
The
100%
There
100%
Tired
100%
To
100%
Today
100%
Unkind
100%
Was
100%
Will
100%
You
100%
You
100%
You
100%
Your
100%
Your
100%
Yours
100%
A
90%
And
90%
And
90%
And
90%
And
90%
And
90%
And
90%
As
90%
As
90%
Beloved
90%
Brilliant
90%
Cast
90%
Darker
90%
Days
90%
Did
90%
Fell
90%
Glory
90%
Great
90%
Harmonys
90%
Have
90%
Her
90%
Her
90%
Her
90%
I
90%
Kingdom
90%
Like
90%
Long
90%
Look
90%
Loved
90%
Lovely
90%
Nights
90%
On
90%
Once
90%
Out
90%
Passed
90%
Pony
90%
Pony
90%
Reign
90%
Shadow
90%
She
90%
She
90%
She
90%
Shone
90%
Sigh
90%
Silent
90%
Sister
90%
Smiled
90%
So
90%
So
90%
So
90%
So
90%
Sun
90%
The
90%
Till
90%
Was
90%
Was
90%
Well
90%
Which
90%
Who
90%
Young
90%
Goodnight
80%
Grew
80%
Mine
80%
Moon
80%
Princess
80%
Sister
80%
That
80%
The
80%
Upon
80%
All
70%
All
70%
And
70%
And
70%
And
70%
And
70%
And
70%
And
70%
And
70%
And
70%
And
70%
And
70%
And
70%
And
70%
As
70%
As
70%
Away
70%
Be
70%
Be
70%
Bear
70%
Bear
70%
Before
70%
Being
70%
Being
70%
Blind
70%
Blind
70%
But
70%
Carry
70%
Carry
70%
Carry
70%
Carry
70%
Cloud
70%
Cloud
70%
Coolness
70%
Coolness
70%
Dark
70%
Deserved
70%
Destruction
70%
Did
70%
Did
70%
Did
70%
Dreams
70%
Earth
70%
Earth
70%
Embrace
70%
Embrace
70%
Face
70%
Far
70%
Fearful
70%
Foolish
70%
For
70%
For
70%
Forgive
70%
Forgive
70%
From
70%
Give
70%
Goodnight
70%
Grew
70%
Had
70%
Had
70%
Her
70%
Her
70%
Her
70%
Her
70%
Hold
70%
Host
70%
I
70%
I
70%
I
70%
I
70%
I’d
70%
Imagined
70%
In
70%
In
70%
In
70%
In
70%
Is
70%
It's
70%
Kind
70%
Kind
70%
Know
70%
Know
70%
Love
70%
Loved
70%
Loved
70%
Loved
70%
Lullaby
70%
Lullaby
70%
Lullay
70%
Luna
70%
Luna
70%
May
70%
May
70%
May
70%
Me
70%
Me
70%
Miles
70%
Mind
70%
Mind
70%
Mine
70%
Miss
70%
Moon
70%
Moonlights
70%
Moonlights
70%
More
70%
More
70%
Most
70%
Much
70%
Much
70%
My
70%
My
70%
My
70%
My
70%
My
70%
Needed
70%
Neither
70%
Never
70%
Night
70%
Night
70%
Not
70%
Nothing
70%
Notice
70%
Now
70%
Now
70%
Now
70%
Of
70%
Of
70%
Of
70%
Of
70%
Of
70%
Of
70%
Of
70%
Of
70%
Of
70%
Of
70%
On
70%
One
70%
Only
70%
Or
70%
Others
70%
Own
70%
Pain
70%
Pass
70%
Peace
70%
Peace
70%
Pony
70%
Pony
70%
Pray
70%
Princess
70%
Rest
70%
Rest
70%
Sadness
70%
Said
70%
She
70%
She
70%
She
70%
Sister
70%
Sister
70%
Sisters
70%
Sky
70%
Sky
70%
Sleep
70%
Sleep
70%
Sleep
70%
So
70%
So
70%
So
70%
So
70%
Soon
70%
Sorrow
70%
Sorrow
70%
Space
70%
Space
70%
Stop
70%
Such
70%
Surely
70%
Sweet
70%
Swiftly
70%
Take
70%
Takes
70%
Than
70%
Than
70%
That
70%
That
70%
That
70%
The
70%
The
70%
The
70%
The
70%
The
70%
The
70%
The
70%
The
70%
The
70%
Them
70%
These
70%
These
70%
Thousand
70%
Through
70%
Through
70%
Through
70%
Through
70%
Through
70%
Through
70%
To
70%
Tonight
70%
Troubles
70%
Unhappiness
70%
Unknown
70%
Us
70%
Watched
70%
Way
70%
Who
70%
Winds
70%
Winds
70%
Winters
70%
Years
70%
You
70%
You
70%
You
70%
You
70%
Your
70%
Your
70%
You’re
70%
You’re
70%
And
60%
And
60%
Away
60%
Bed
60%
Care
60%
Dream
60%
Due
60%
Fly
60%
Her
60%
I
60%
I’ll
60%
It
60%
Know
60%
Limelight
60%
Lullay
60%
Moonlight
60%
Not
60%
Sweetly
60%
The
60%
The
60%
Up
60%
Up
60%
Upon
60%
You
60%
Your
60%
And
50%
Meet
50%
Safe
50%
There
50%
When
50%
No matching quizzes found
Score Distribution
Percent of People with Each Score
Percentile by Number Answered
Your Score History
You have not taken this quiz